000 00700nam a2200265Ia 4500
001 15252
005 20240113235615.0
007 ta
008 051206s1986 a g b000 u 465 u
040 _aCotton College, Assa
041 _a465
082 _a592
_bDa 15 Te
100 _aDalela, R.C. .
245 0 _aA Text-Book of Invertebrate Zoology /
_cR.C. Dalela.
_hTextual Documents
250 _a6th Rev. ed. /
260 _aMeerut :
_bJai Prakash Nath & Co. ,
_c1986.
300 _axv,766p. :
_bill ;
_c24cm .
504 _aIndex
653 _aZoology
653 _aInvertebrate Zoology
653 _aG-Zoology
942 _2ddc
_cBK
999 _c15238
_d15238